| 000 | 00723nam a22002297a 4500 | ||
|---|---|---|---|
| 999 |
_c171172 _d171172 |
||
| 005 | 20210909122733.0 | ||
| 010 | _aENG-127292 | ||
| 020 |
_c995.00 _a9789353282684 |
||
| 035 | _aEN-110824 | ||
| 037 | _bDBAD/PUB. | ||
| 082 | _a327.5405 | ||
| 100 | _aMuni,s.d | ||
| 245 |
_aIndia's: _bEastward Engagement / _cby S.D Muni (and) Rahul Mishra . |
||
| 260 |
_aNew Delhi _bSage Publications India . _c2019 |
||
| 270 |
_aB1/I-1, Mohan Cooperative Industrial Area Mathura Road Post Bag 7 _bNew Delhi _e110044 |
||
| 300 |
_axiv,329p. _c22cm.(hb) |
||
| 500 | _aIt includes index | ||
| 700 | _aAneesh Kumar P. | ||
| 700 | _aGeorge, Tony Sam | ||
| 700 | _aSudhesh N.T. | ||
| 942 |
_2ddc _cEN _mMUN _h327.5405 |
||